[Event "Capablancas Open"]
[Site "SchemingMind.com"]
[Date "2006.06.20"]
[Round "-"]
[White "capablanca"]
[Black "Dr_Pat"]
[Result "1-0"]
[WhiteCountry "GER"]
[BlackCountry "USA"]
[WhiteElo "1599"]
[WhiteRD "56"]
[BlackElo "1440"]
[BlackRD "47"]
[GameID "56099"]

1. e4 c5 2. d4 cxd4 3. c3 Nf6 4. e5 Nd5 5. cxd4 e6 6. Nf3 d6 7. Bc4 dxe5 8. dxe5 Bb4+ 9. Bd2 O-O 10. O-O a6
11. Bxd5 Bxd2 12. Qxd2 Qxd5 13. Nc3 Qxd2 14. Nxd2 Nd7 15. Nf3 b5 16. Rfd1 Nb6 17. Rd3 Bb7 18. Rad1 b4 19. Ne2 Na4 20. R1d2 f6
21. exf6 gxf6 22. Rd7 Bxf3 23. gxf3 a5 24. R2d4 Nxb2 25. Rg4+ Kh8 26. Rgg7 a4 27. Rxh7+
1-0

[Event "Capablancas Open"]
[Site "SchemingMind.com"]
[Date "2006.06.21"]
[Round "-"]
[White "mikewharvey"]
[Black "capablanca"]
[Result "1-0"]
[WhiteCountry "GBR"]
[BlackCountry "GER"]
[WhiteElo "1691"]
[WhiteRD "140"]
[BlackElo "1599"]
[BlackRD "56"]
[GameID "56116"]

1. c4 c5 2. Nc3 Nc6 3. Nf3 Nf6 4. g3 g6 5. Bg2 Bg7 6. O-O O-O 7. d4 cxd4 8. Nxd4 Nxd4 9. Qxd4 a6 10. Qh4 d6
11. Bg5 Rb8 12. Nd5 Nxd5 13. cxd5 Re8 14. Rab1 Bd7 15. e4 Bf8 16. Rfe1 Qa5 17. a3 Rbc8 18. Bf1 Rc2 19. Qf4 Qb5 20. Bxb5
1-0

[Event "Capablancas Open"]
[Site "SchemingMind.com"]
[Date "2006.06.21"]
[Round "-"]
[White "mikewharvey"]
[Black "Dr_Pat"]
[Result "1-0"]
[WhiteCountry "GBR"]
[BlackCountry "USA"]
[WhiteElo "1726"]
[WhiteRD "104"]
[BlackElo "1474"]
[BlackRD "49"]
[GameID "56117"]

1. c4 Nf6 2. Nc3 e5 3. Nf3 Nc6 4. g3 Bb4 5. Bg2 O-O 6. a3 Bxc3 7. dxc3 h6 8. O-O d5 9. cxd5 Nxd5 10. Nxe5 Be6
11. Nxc6 bxc6 12. c4 Nf6 13. Bxc6 Rb8 14. c5 Qxd1 15. Rxd1 Rfd8 16. Rxd8+ Rxd8 17. Bf4 Nh5 18. Be3 Nf6 19. Bf3 Bd5 20. Rd1 c6
21. b4 Rd7 22. Bxd5 Rxd5 23. Rxd5 Nxd5 24. Bd2 Kf8 25. e4 Nc7 26. e5 Nb5 27. a4 Na3 28. f4 Nc4 29. Bc1 Ke7 30. Kf2 Ke6
31. Ke2 Kd5 32. Kd3 a6 33. h3 a5 34. Kc3 axb4+ 35. Kxb4 h5 36. a5 Nxa5 37. Kxa5 Kxc5 38. Ba3+ Kd4 39. Kb6 Ke3 40. Be7 Kf3
41. Bh4
1-0

[Event "Capablancas Open"]
[Site "SchemingMind.com"]
[Date "2006.06.20"]
[Round "-"]
[White "capablanca"]
[Black "mikewharvey"]
[Result "1-0"]
[WhiteCountry "GER"]
[BlackCountry "GBR"]
[WhiteElo "1618"]
[WhiteRD "58"]
[BlackElo "1726"]
[BlackRD "104"]
[GameID "56118"]

1. e4 e5 2. Nf3 Nc6 3. Bc4 Nf6 4. d3 d5 5. exd5 Nxd5 6. O-O Bg4 7. Re1 Bc5 8. h3 Bxf3 9. Qxf3 Nf6 10. Bg5 Qd6
11. Bxf6 Qxf6 12. Qxf6 gxf6 13. Bb5 a6 14. Bxc6+ bxc6 15. Nd2 O-O-O 16. Re4 Kb7 17. Rae1 Rd4 18. Nb3 Rxe4 19. Nxc5+ Ka7 20. Nxe4 f5
21. Nc3 Re8 22. f4 f6 23. fxe5 fxe5 24. Kf2 Kb6 25. Kf3 Kc5 26. Nd1 Kd5 27. Ne3+ Ke6 28. Nc4 Kf6 29. Re3 c5 30. g3 h5
31. Na5 Ke6 32. Nb3 Kd5 33. g4 hxg4+ 34. hxg4 fxg4+ 35. Kxg4 e4 36. c4+ Kc6 37. Rxe4 Rd8 38. Re6+ Rd6 39. Rxd6+ Kxd6 40. Kf5 c6
41. Na5 Kd7 42. Ke5 Kc7 43. Ke6 Kb6 44. Nb3 Kc7 45. Nxc5 Kb6 46. b4 a5 47. a3 axb4 48. axb4 Kc7 49. Nd7 c5 50. Nxc5
1-0

[Event "Capablancas Open"]
[Site "SchemingMind.com"]
[Date "2006.06.20"]
[Round "-"]
[White "Dr_Pat"]
[Black "mikewharvey"]
[Result "0-1"]
[WhiteCountry "USA"]
[BlackCountry "GBR"]
[WhiteElo "1440"]
[WhiteRD "47"]
[BlackElo "1691"]
[BlackRD "140"]
[GameID "56119"]

1. d4 e6 2. c4 Nf6 3. Nc3 Bb4 4. Bd2 a6 5. e3 d5 6. Nf3 Nc6 7. Bd3 O-O 8. O-O Re8 9. a3 Bd6 10. cxd5 exd5
11. Re1 Bg4 12. Qc2 Bxf3 13. gxf3 g6 14. Bf1 Qd7 15. Bg2 b5 16. Nd1 a5 17. e4 dxe4 18. fxe4 Nxd4 19. Qc3 Be5 20. Qd3 c5
21. Bh3 Qd6 22. f4 c4 23. Qf1 Nf3+ 24. Qxf3 Qxd2 25. Rf1 Bd4+ 26. Nf2 Nxe4 27. Kh1 Nxf2+ 28. Kg2 Nxh3+ 29. Kxh3 Re3
0-1

[Event "Capablancas Open"]
[Site "SchemingMind.com"]
[Date "2006.06.21"]
[Round "-"]
[White "iain"]
[Black "capablanca"]
[Result "0-1"]
[WhiteCountry "USA"]
[BlackCountry "GER"]
[WhiteElo "1349"]
[WhiteRD "61"]
[BlackElo "1590"]
[BlackRD "58"]
[GameID "56266"]

1. d4 d5 2. c4 dxc4 3. Nc3 Nf6 4. Nf3 Bf5 5. e3 e6 6. Bxc4 Be7 7. O-O O-O 8. d5 exd5 9. Nxd5 Nxd5 10. Qxd5 Qxd5
11. Bxd5 c6 12. Bb3 Nd7 13. Nd4 Bg6 14. Re1 Bf6 15. Bd2 Nc5 16. Bc2 Bxc2 17. Nxc2 Nd3 18. Red1 Nxb2 19. Rf1 Nc4 20. Rad1 Nxd2
21. Rxd2 Rfd8 22. Rxd8+ Rxd8 23. e4 Rd2 24. Nb4 a5 25. Nxc6 bxc6 26. a4 Bd4 27. g3 Ra2 28. Kg2 Rxa4
0-1

[Event "Capablancas Open"]
[Site "SchemingMind.com"]
[Date "2006.06.21"]
[Round "-"]
[White "iain"]
[Black "Dr_Pat"]
[Result "0-1"]
[WhiteCountry "USA"]
[BlackCountry "USA"]
[WhiteElo "1376"]
[WhiteRD "56"]
[BlackElo "1440"]
[BlackRD "47"]
[GameID "56267"]

1. d4 Nf6 2. c4 e6 3. Nc3 Bb4 4. Bd2 d5 5. cxd5 exd5 6. a3 Bxc3 7. bxc3 O-O 8. Nf3 Nbd7 9. e3 Nb6 10. Be2 Ne4
11. O-O Bg4 12. h3 Bxf3 13. Bxf3 Nxd2 14. Qxd2 Qe7 15. a4 c6 16. a5 Nc4 17. Qc2 a6 18. e4 dxe4 19. Bxe4 g6 20. d5 cxd5
21. Rfe1 Na3 22. Qb3 dxe4 23. Qxa3 Qxa3 24. Rxa3 Rfe8 25. c4 Rac8 26. Rc3 f5 27. f3 exf3 28. Rxe8+ Rxe8 29. gxf3 f4 30. h4 Re3
31. Rxe3 fxe3 32. Kf1 Kg7 33. Ke2 Kh6 34. Kxe3 Kh5 35. f4 Kxh4 36. c5 Kg4 37. Ke4 h5 38. Kd5 h4 39. c6 bxc6+ 40. Kxc6 h3
0-1

[Event "Capablancas Open"]
[Site "SchemingMind.com"]
[Date "2006.06.21"]
[Round "-"]
[White "iain"]
[Black "mikewharvey"]
[Result "0-1"]
[WhiteCountry "USA"]
[BlackCountry "GBR"]
[WhiteElo "1376"]
[WhiteRD "56"]
[BlackElo "1691"]
[BlackRD "140"]
[GameID "56268"]

1. d4 d5 2. Nc3 Nf6 3. Nf3 Bg4 4. e3 Nc6 5. Be2 e6 6. O-O Bd6 7. h3 Bh5 8. Ng5 Bg6 9. a3 Ne4 10. Ngxe4 dxe4
11. f3 Qh4 12. Nxe4 Bxe4 13. fxe4 O-O-O 14. Qe1 Bg3 15. Rf2 Bxf2+ 16. Qxf2 Qe7 17. Bg4 h5 18. Bf3 g5 19. e5 Qd7 20. b4 Rdg8
21. c4 g4 22. hxg4 hxg4 23. d5 gxf3 24. Qxf3 Nxe5 25. Qe4 f6 26. Bb2 exd5 27. cxd5 Qh3 28. Bxe5 fxe5 29. Rf1 Qh1+ 30. Kf2 Rf8+
0-1

[Event "Capablancas Open"]
[Site "SchemingMind.com"]
[Date "2006.06.21"]
[Round "-"]
[White "capablanca"]
[Black "iain"]
[Result "1-0"]
[WhiteCountry "GER"]
[BlackCountry "USA"]
[WhiteElo "1599"]
[WhiteRD "56"]
[BlackElo "1376"]
[BlackRD "56"]
[GameID "56269"]

1. e4 d6 2. d4 Nf6 3. Nc3 g6 4. Nf3 Bg7 5. Bc4 O-O 6. Bf4 a6 7. O-O c6 8. Qd2 b5 9. Bb3 a5 10. a3 c5
11. Nxb5 Nxe4 12. Qc1 cxd4 13. Bh6 Nc6 14. Bxg7 Kxg7 15. Nbxd4 Nxd4 16. Nxd4 Bb7 17. Re1 d5 18. c3 e5 19. Nf3 Qe7 20. Bc2 f5
21. b4 axb4 22. axb4 Rxa1 23. Qxa1 Ra8 24. Qb2 Kf6 25. Ra1 Rxa1+ 26. Qxa1 Qd6 27. Qa4 Nxc3 28. Qa3 Ne2+ 29. Kf1 Ba6 30. Ke1 Nf4
31. g3 Ne2 32. Qb2 d4 33. b5 Bxb5 34. Qxb5 Nc3 35. Qc4 Ne4 36. Bb3 Ng5 37. Nxg5 Kxg5 38. h3 h5 39. Qc1+ f4 40. Bc2 Qb4+
41. Qd2 Qxd2+ 42. Kxd2 fxg3 43. fxg3 h4 44. g4 Kf4 45. Bxg6 Kg3 46. Bf5 Kxh3 47. g5+
1-0

[Event "Capablancas Open"]
[Site "SchemingMind.com"]
[Date "2006.06.21"]
[Round "-"]
[White "Dr_Pat"]
[Black "iain"]
[Result "0-1"]
[WhiteCountry "USA"]
[BlackCountry "USA"]
[WhiteElo "1440"]
[WhiteRD "47"]
[BlackElo "1376"]
[BlackRD "56"]
[GameID "56270"]

1. d4 d6 2. c4 Nf6 3. Nc3 g6 4. e4 Bg7 5. Nf3 O-O 6. Bd3 c5 7. O-O cxd4 8. Nxd4 Nc6 9. Nxc6 bxc6 10. Re1 e6
11. Bg5 Bb7 12. Bxf6 Bxf6 13. f4 Bxc3 14. bxc3 Qd7 15. h4 d5 16. cxd5 cxd5 17. h5 dxe4 18. Bxe4 Qxd1 19. Raxd1 Bxe4 20. Rxe4 Rac8
21. c4 a5 22. a4 Kg7 23. g3 gxh5 24. Kf2 Kf6 25. Rh1 Kg6 26. Kf3 Rfd8 27. g4 hxg4+ 28. Kxg4 f5+ 29. Kf3 fxe4+
0-1

[Event "Capablancas Open"]
[Site "SchemingMind.com"]
[Date "2006.06.23"]
[Round "-"]
[White "mikewharvey"]
[Black "iain"]
[Result "1-0"]
[WhiteCountry "GBR"]
[BlackCountry "USA"]
[WhiteElo "1691"]
[WhiteRD "140"]
[BlackElo "1376"]
[BlackRD "56"]
[GameID "56271"]

1. e4 d6 2. d4 Nf6 3. Nc3 g6 4. Bg5 Bg7 5. d5 O-O 6. Nf3 c6 7. Bc4 cxd5 8. exd5 e6 9. O-O exd5 10. Nxd5 b6
11. Re1 Bb7 12. c3 Nc6 13. Nd2 a6 14. Ne4 Ne5 15. Nexf6+ Kh8 16. Ne4 f6 17. Bxf6 Bxf6 18. Bb3 b5 19. Nexf6 Rxf6 20. Nxf6 Qxf6
21. Qd4 Nf3+ 22. gxf3 Qxd4 23. cxd4 Bxf3 24. Re3 Bg4 25. Rae1 Kg7 26. Re8 Ra7 27. R1e7+ Rxe7 28. Rxe7+ Kh6 29. Bg8 Kg5 30. Rxh7 Bf5
31. Ra7
1-0

[Event "Capablancas Open"]
[Site "SchemingMind.com"]
[Date "2006.06.21"]
[Round "-"]
[White "e_castle3"]
[Black "capablanca"]
[Result "1-0"]
[WhiteCountry "PHI"]
[BlackCountry "GER"]
[WhiteElo "1723"]
[WhiteRD "70"]
[BlackElo "1599"]
[BlackRD "56"]
[GameID "56272"]

1. e4 e5 2. Nf3 Nc6 3. Bb5 a6 4. Ba4 Nf6 5. O-O b5 6. Bb3 Nxe4 7. Re1 Nc5 8. Nxe5 Nxe5 9. Rxe5+ Ne6 10. d4 Bd6
11. Re1 O-O 12. c3 Bb7 13. Be3 Nf4 14. f3 Qg5 15. g3 Nh3+ 16. Kf1 Qf5 17. Nd2 Ng5 18. Bxg5 Qxg5 19. Ne4 Bxe4 20. fxe4 Be7
21. Kg2 h5 22. Rf1 h4 23. Rf5 Qg6 24. Qf3 Rab8 25. Rf1 Kh7 26. Bxf7 Qh6 27. Rh5
1-0

[Event "Capablancas Open"]
[Site "SchemingMind.com"]
[Date "2006.06.21"]
[Round "-"]
[White "e_castle3"]
[Black "iain"]
[Result "1-0"]
[WhiteCountry "PHI"]
[BlackCountry "USA"]
[WhiteElo "1730"]
[WhiteRD "69"]
[BlackElo "1400"]
[BlackRD "54"]
[GameID "56273"]

1. e4 d6 2. d4 Nf6 3. Bd3 g6 4. Bg5 Bg7 5. Qd2 O-O 6. Bh6 c5 7. Bxg7 Kxg7 8. d5 a6 9. c4 Bd7 10. Nc3 e6
11. Nf3 exd5 12. cxd5 b5 13. O-O c4 14. Bc2 b4 15. Ne2 a5 16. Nfd4 Re8 17. f3 Qb6 18. Kh1 a4 19. Rad1 Rc8 20. h3 b3
21. Bb1 a3 22. bxa3 b2 23. Qc3 Na6 24. Rd2 Rab8 25. f4 Nc5 26. Ng3 Re8 27. f5 Ncxe4 28. Nxe4 Rxe4 29. Bxe4 Nxe4 30. Ne6+ Kh6
31. Qg7+ Kh5 32. Qxh7#
1-0

[Event "Capablancas Open"]
[Site "SchemingMind.com"]
[Date "2006.06.21"]
[Round "-"]
[White "e_castle3"]
[Black "Dr_Pat"]
[Result "1-0"]
[WhiteCountry "PHI"]
[BlackCountry "USA"]
[WhiteElo "1730"]
[WhiteRD "69"]
[BlackElo "1474"]
[BlackRD "49"]
[GameID "56274"]

1. e4 c5 2. Nf3 d6 3. Bc4 e6 4. O-O Nf6 5. Re1 Be7 6. c3 O-O 7. Bf1 Nc6 8. d4 Qc7 9. d5 exd5 10. exd5 Na5
11. c4 Re8 12. Nc3 Bf5 13. Bd2 Bf8 14. Nb5 Qc8 15. Bxa5 Rxe1 16. Bxe1 a6 17. Nc3 Rb8 18. Bd2 Qe8 19. Bg5 Ne4 20. Nxe4 Bxe4
21. Bd3 Bxd3 22. Qxd3 g6 23. Re1 Qa4 24. a3 b5 25. Nd2 Bg7 26. Rb1 h6 27. Be7 Bf8 28. Bxf8 Kxf8 29. Qc3 a5 30. Qh8+
1-0

[Event "Capablancas Open"]
[Site "SchemingMind.com"]
[Date "2006.06.21"]
[Round "-"]
[White "capablanca"]
[Black "e_castle3"]
[Result "1-0"]
[WhiteCountry "GER"]
[BlackCountry "PHI"]
[WhiteElo "1599"]
[WhiteRD "56"]
[BlackElo "1723"]
[BlackRD "70"]
[GameID "56276"]

1. e4 g6 2. d4 Bg7 3. Nf3 d6 4. Nc3 e6 5. Bc4 Ne7 6. O-O O-O 7. Bf4 b6 8. Qe2 Bb7 9. Rad1 d5 10. exd5 exd5
11. Bd3 Nbc6 12. Rfe1 Re8 13. Qd2 Nxd4 14. Nxd4 Bxd4 15. Bb5 Bxc3 16. Qxc3 c6 17. Bd3 d4 18. Qd2 Nd5 19. Bh6 Qh4 20. Bc4 Nf6
21. Bg5 Qg4 22. Bxf6 c5 23. Bf1 h5 24. Qh6
1-0

[Event "Capablancas Open"]
[Site "SchemingMind.com"]
[Date "2006.06.21"]
[Round "-"]
[White "iain"]
[Black "e_castle3"]
[Result "0-1"]
[WhiteCountry "USA"]
[BlackCountry "PHI"]
[WhiteElo "1376"]
[WhiteRD "56"]
[BlackElo "1723"]
[BlackRD "70"]
[GameID "56277"]

1. d4 d5 2. c4 c6 3. Nf3 Bg4 4. h3 Bh5 5. Nc3 Nf6 6. e3 e6 7. Be2 Be7 8. O-O O-O 9. cxd5 cxd5 10. Ne5 Bxe2
11. Qxe2 Nbd7 12. f4 Rc8 13. Bd2 Ne8 14. a3 f6 15. Ng4 Nd6 16. e4 dxe4 17. Nxe4 Qb6 18. b4 Nxe4 19. f5 exf5 20. Nh6+ gxh6
21. Rxf5 Qxd4+ 22. Kh2 Bd6+ 23. Bf4 Qxa1 24. Qxe4 Bxf4+ 25. Rxf4 Qe5 26. Qxe5 fxe5
0-1

[Event "Capablancas Open"]
[Site "SchemingMind.com"]
[Date "2006.06.21"]
[Round "-"]
[White "Dr_Pat"]
[Black "e_castle3"]
[Result "1/2-1/2"]
[WhiteCountry "USA"]
[BlackCountry "PHI"]
[WhiteElo "1474"]
[WhiteRD "49"]
[BlackElo "1730"]
[BlackRD "69"]
[GameID "56278"]

1. d4 d5 2. c4 c6 3. Nf3 Bf5 4. Qb3 b6 5. Nc3 e6 6. Bg5 Be7 7. Bxe7 Nxe7 8. e3 O-O 9. Be2 Nd7 10. O-O Rc8
11. cxd5 cxd5 12. Rac1 Nf6 13. h3 Ne4 14. Nxe4 Bxe4 15. Rxc8 Qxc8 16. Nd2 Bg6 17. Bd3 Qc7 18. Nf3 Bxd3 19. Qxd3 Rc8 20. Nh2 Qc2
21. Qxc2 Rxc2 22. Rb1 f6 23. g3 Kf7 24. Nf3 Nc8 25. Ne1 Rc7 26. Nd3 Nd6 27. Rc1 Rxc1+ 28. Nxc1 Ne4 29. Nb3 Ke7 30. Kf1 Kd6
31. Ke2 a5 32. Nd2 Nxd2 33. Kxd2 e5 34. dxe5+ fxe5 35. Kd3 Kc5 36. Kc3 b5 37. a3 h6 38. b4+ axb4+ 39. axb4+ Kd6 40. f3 g6
41. f4 Ke6 42. g4 g5 43. f5+ Kd6 44. Kd2 e4 45. Ke2 Ke5 46. Kd2 h5=
1/2-1/2

[Event "Capablancas Open"]
[Site "SchemingMind.com"]
[Date "2006.06.23"]
[Round "-"]
[White "mikewharvey"]
[Black "e_castle3"]
[Result "1-0"]
[WhiteCountry "GBR"]
[BlackCountry "PHI"]
[WhiteElo "1726"]
[WhiteRD "104"]
[BlackElo "1730"]
[BlackRD "69"]
[GameID "56279"]

1. e4 g6 2. Nf3 Bg7 3. d4 b6 4. Bb5 Bb7 5. e5 a6 6. Ba4 b5 7. Bb3 d5 8. Bg5 h6 9. Bh4 g5 10. Bg3 e6
11. a4 c6 12. Nbd2 Ne7 13. axb5 cxb5 14. c3 Nf5 15. O-O O-O 16. Bc2 Nxg3 17. fxg3 Nd7 18. Nb3 Qe8 19. g4 f6 20. Qd3 f5
21. Nfd2 Bc8 22. gxf5 Rxf5 23. Rxf5 exf5 24. Qxf5 Nf8 25. Qf3 Be6 26. Nc5 Qc8 27. Bb3 Ra7 28. Nxe6 Qxe6 29. Bxd5
1-0

[Event "Capablancas Open"]
[Site "SchemingMind.com"]
[Date "2006.06.21"]
[Round "-"]
[White "Gary"]
[Black "capablanca"]
[Result "0-1"]
[WhiteCountry "ENG"]
[BlackCountry "GER"]
[WhiteElo "1371"]
[WhiteRD "60"]
[BlackElo "1618"]
[BlackRD "58"]
[GameID "56325"]

1. e4 e5 2. Nf3 Nc6 3. Bc4 Bc5 4. O-O d6 5. h3 Be6 6. Bb3 Nf6 7. Nc3 O-O 8. Re1 a6 9. a4 Bxb3 10. cxb3 Nb4
11. d3 Nh5 12. Be3 Bxe3 13. fxe3 Nf6 14. d4 Re8 15. Qd2 Qd7 16. Rad1 Qc8 17. Ne2 a5 18. Ng3 c6 19. Rc1 Qd8 20. Kh1 Nd7
21. Red1 Nb6 22. Qc3 Na2 23. Qc2 Nxc1 24. Rxc1 Rc8 25. Rd1 Qf6
0-1

[Event "Capablancas Open"]
[Site "SchemingMind.com"]
[Date "2006.06.21"]
[Round "-"]
[White "Gary"]
[Black "e_castle3"]
[Result "0-1"]
[WhiteCountry "ENG"]
[BlackCountry "PHI"]
[WhiteElo "1371"]
[WhiteRD "60"]
[BlackElo "1730"]
[BlackRD "69"]
[GameID "56326"]

1. e4 g6 2. d4 Bg7 3. Nf3 d6 4. Bc4 e6 5. O-O Ne7 6. Nc3 O-O 7. Bf4 Nd7 8. Qe2 Nb6 9. Bb3 Bd7 10. Rad1 Rc8
11. a4 c5 12. dxc5 dxc5 13. Bc4 Nc6
0-1

[Event "Capablancas Open"]
[Site "SchemingMind.com"]
[Date "2006.06.21"]
[Round "-"]
[White "Gary"]
[Black "iain"]
[Result "0-1"]
[WhiteCountry "ENG"]
[BlackCountry "USA"]
[WhiteElo "1425"]
[WhiteRD "59"]
[BlackElo "1395"]
[BlackRD "54"]
[GameID "56327"]

1. e4 d6 2. d4 Nf6 3. Nc3 g6 4. Nf3 Bg7 5. Bc4 O-O 6. O-O Nxe4 7. Nxe4 d5 8. Bd3 dxe4 9. Bxe4 c6 10. h3 Re8
11. Bf4 Nd7 12. c4 e5 13. dxe5 Nc5 14. Bc2 Qxd1 15. Raxd1 b5 16. b4 Ne6 17. Bg3 bxc4 18. Be4 Bb7 19. b5 Nc5 20. bxc6 Nxe4
21. cxb7 Rab8 22. e6 Rxb7 23. exf7+ Rxf7 24. Bh2 c3 25. Rc1 a5 26. Ne1 Nd2 27. Nd3 Nxf1 28. Kxf1 Bd4 29. f3 Rc8 30. Bg3 h5
31. Bf2 Bxf2 32. Nxf2 c2 33. Ne4 Kg7 34. Nd6 Rd7
0-1

[Event "Capablancas Open"]
[Site "SchemingMind.com"]
[Date "2006.06.21"]
[Round "-"]
[White "Gary"]
[Black "Dr_Pat"]
[Result "0-1"]
[WhiteCountry "ENG"]
[BlackCountry "USA"]
[WhiteElo "1371"]
[WhiteRD "60"]
[BlackElo "1474"]
[BlackRD "49"]
[GameID "56328"]

1. e4 c5 2. Nf3 d6 3. d4 cxd4 4. Nxd4 Nf6 5. Nc3 a6 6. Be2 e5 7. Nb3 b5 8. f3 Nc6 9. Be3 Bb7 10. O-O Qc7
11. a4 b4 12. Nd5 Nxd5 13. Qxd5 Nd4 14. Qc4 Qxc4 15. Bxc4 Nxc2 16. Rfe1 Nxe1 17. Rxe1 Be7 18. a5 O-O 19. Bd2 Rac8 20. Bd5 Bxd5
21. exd5 Rc2 22. Bc1 Rfc8
0-1

[Event "Capablancas Open"]
[Site "SchemingMind.com"]
[Date "2006.06.21"]
[Round "-"]
[White "Gary"]
[Black "mikewharvey"]
[Result "0-1"]
[WhiteCountry "ENG"]
[BlackCountry "GBR"]
[WhiteElo "1425"]
[WhiteRD "59"]
[BlackElo "1736"]
[BlackRD "106"]
[GameID "56329"]

1. e4 e5 2. Nf3 Nc6 3. Bb5 Nf6 4. O-O Bc5 5. Re1 O-O 6. c3 d6 7. h3 Be6 8. d4 exd4 9. cxd4 Bb4 10. Nc3 Bd7
11. a3 Ba5 12. b4 Bb6 13. Bb2 a5 14. Na4 d5 15. Nxb6 cxb6 16. e5 Ne4 17. Nd2 Bf5 18. Rc1 Qg5 19. Kf1 Nxd2+
0-1

[Event "Capablancas Open"]
[Site "SchemingMind.com"]
[Date "2006.06.21"]
[Round "-"]
[White "capablanca"]
[Black "Gary"]
[Result "1-0"]
[WhiteCountry "GER"]
[BlackCountry "ENG"]
[WhiteElo "1618"]
[WhiteRD "58"]
[BlackElo "1371"]
[BlackRD "60"]
[GameID "56330"]

1. e4 c5 2. d4 cxd4 3. c3 d3 4. Bxd3 Nc6 5. c4 Nf6 6. Nc3 e6 7. Nf3 d6 8. O-O Be7 9. Bf4 O-O 10. Rc1 b6
11. b3 Bb7 12. Re1 Qd7 13. Qe2 Rfd8 14. Red1 Rac8 15. e5 Ne8 16. exd6 Nxd6 17. Ne5 Nxe5 18. Bxe5 f6 19. Bg3 e5 20. Qh5 g6
21. Qe2 Nf5 22. Be4 Nd4 23. Qe3 Bc5 24. Qe1 Re8 25. Bxb7
1-0

[Event "Capablancas Open"]
[Site "SchemingMind.com"]
[Date "2006.06.22"]
[Round "-"]
[White "e_castle3"]
[Black "Gary"]
[Result "1-0"]
[WhiteCountry "PHI"]
[BlackCountry "ENG"]
[WhiteElo "1796"]
[WhiteRD "64"]
[BlackElo "1425"]
[BlackRD "59"]
[GameID "56331"]

1. e4 c5 2. Nf3 d6 3. Bc4 Nc6 4. O-O Nf6 5. Re1 Bg4 6. h3 Bh5 7. Bf1 e6 8. g4 Bg6 9. d3 Be7 10. c3 O-O
11. Bf4 Rc8 12. Nbd2 b5 13. a3 a5 14. Bh2 Qb6 15. b3 b4 16. axb4 cxb4 17. c4 d5 18. e5 Nd7 19. h4 h5 20. g5 Nc5
21. d4 Ne4 22. c5
1-0

[Event "Capablancas Open"]
[Site "SchemingMind.com"]
[Date "2006.06.21"]
[Round "-"]
[White "iain"]
[Black "Gary"]
[Result "0-1"]
[WhiteCountry "USA"]
[BlackCountry "ENG"]
[WhiteElo "1395"]
[WhiteRD "54"]
[BlackElo "1425"]
[BlackRD "59"]
[GameID "56332"]

1. d4 Nf6 2. c4 e6 3. Nc3 Bb4 4. Bd2 c5 5. Nf3 O-O 6. e3 Nc6 7. a3 Bxc3 8. bxc3 b6 9. Be2 Bb7 10. O-O Rc8
11. Ne5 Nxe5 12. dxe5 Ne4 13. Qc2 Nxd2 14. Qxd2 Qg5 15. f3 Rcd8 16. g3 Qxe5 17. f4 Qc7 18. Rad1 f6 19. a4 Qc6 20. Bf3 Qc7
21. Qg2 Bxf3 22. Qxf3 Rfe8 23. e4 g6 24. f5 exf5 25. exf5 g5 26. g4 Re5 27. Rd5 Rde8 28. Rxe5 Rxe5 29. Qa8+ Kg7 30. Qf3 Qc6
31. Qxc6 dxc6 32. Kf2 Re4 33. Kg3 Kf7 34. h4 h6 35. hxg5 hxg5 36. Rh1 Rxc4 37. Rh7+ Ke8 38. Rxa7 Rxc3+ 39. Kf2 b5 40. a5 Ra3
41. Ra6 Kd7 42. Ra7+ Kd6 43. a6 b4
0-1

[Event "Capablancas Open"]
[Site "SchemingMind.com"]
[Date "2006.06.22"]
[Round "-"]
[White "Dr_Pat"]
[Black "Gary"]
[Result "1-0"]
[WhiteCountry "USA"]
[BlackCountry "ENG"]
[WhiteElo "1474"]
[WhiteRD "49"]
[BlackElo "1371"]
[BlackRD "60"]
[GameID "56333"]

1. d4 Nf6 2. c4 e6 3. Nc3 Bb4 4. Bd2 c5 5. e3 O-O 6. Nf3 Nc6 7. a3 Bxc3 8. Bxc3 b6 9. Bd3 d5 10. O-O Bb7
11. cxd5 exd5 12. Re1 Re8 13. dxc5 bxc5 14. h3 Qc7 15. Bxf6 gxf6 16. Nh4 Ne5 17. Bc2 Rad8 18. Qh5 Ng6 19. Nf5 Kh8 20. Rad1
1-0

[Event "Capablancas Open"]
[Site "SchemingMind.com"]
[Date "2006.06.23"]
[Round "-"]
[White "mikewharvey"]
[Black "Gary"]
[Result "1-0"]
[WhiteCountry "GBR"]
[BlackCountry "ENG"]
[WhiteElo "1728"]
[WhiteRD "105"]
[BlackElo "1477"]
[BlackRD "63"]
[GameID "56334"]

1. e4 c6 2. d4 d5 3. e5 Bf5 4. Bg5 f6 5. Bf4 Nd7 6. Nf3 e6 7. Bd3 Ne7 8. c4 Qb6 9. b3 Qb4+ 10. Bd2 Qb6
11. Bc3 O-O-O 12. c5 Qc7 13. b4 h5 14. a4 Nb8 15. Na3 Bxd3 16. Qxd3 Nf5 17. b5 Be7 18. a5 fxe5 19. Nxe5 Bf6 20. b6 axb6
21. axb6 Qe7 22. Ng6 Qf7 23. Nxh8 Rxh8 24. Nc2 Kd7 25. Ra7 Kc8 26. O-O
1-0

[Event "Capablancas Open"]
[Site "SchemingMind.com"]
[Date "2006.06.22"]
[Round "-"]
[White "mtrx"]
[Black "Gary"]
[Result "1-0"]
[WhiteCountry "PHI"]
[BlackCountry "ENG"]
[WhiteElo "1535"]
[WhiteRD "97"]
[BlackElo "1371"]
[BlackRD "60"]
[GameID "56403"]

1. d4 Nf6 2. Bg5 e6 3. Nf3 Be7 4. e3 O-O 5. Bd3 Nc6 6. Bxf6 Bxf6 7. Nbd2 b6 8. c3 Bb7 9. Qc2 Rc8 10. Bxh7+ Kh8
11. h4 e5 12. g4 Re8 13. g5 Be7 14. O-O-O
1-0

[Event "Capablancas Open"]
[Site "SchemingMind.com"]
[Date "2006.06.22"]
[Round "-"]
[White "mtrx"]
[Black "capablanca"]
[Result "0-1"]
[WhiteCountry "PHI"]
[BlackCountry "GER"]
[WhiteElo "1459"]
[WhiteRD "109"]
[BlackElo "1599"]
[BlackRD "56"]
[GameID "56404"]

1. c3 d5 2. d4 Nf6 3. Nf3 Bf5 4. Bg5 e6 5. Nbd2 Be7 6. e3 h6 7. Bh4 Ne4 8. Bxe7 Qxe7 9. Ne5 Nxd2 10. Qxd2 Nd7
11. Nf3 Nf6 12. Bb5+ c6 13. Ba4 Ne4 14. Qe2 Bg4 15. h3 Bh5 16. g4 Bg6 17. Ne5 O-O 18. O-O-O c5 19. Bc2 Bh7 20. Rdg1 cxd4
21. exd4 Rfc8 22. f3 Rxc3 23. bxc3 Qa3+
0-1

[Event "Capablancas Open"]
[Site "SchemingMind.com"]
[Date "2006.06.22"]
[Round "-"]
[White "mtrx"]
[Black "e_castle3"]
[Result "0-1"]
[WhiteCountry "PHI"]
[BlackCountry "PHI"]
[WhiteElo "1570"]
[WhiteRD "83"]
[BlackElo "1796"]
[BlackRD "64"]
[GameID "56405"]

1. e3 d5 2. Nf3 c5 3. b3 Nc6 4. Bb2 Bf5 5. d3 f6 6. Be2 e5 7. h3 Nh6 8. Nc3 Be7 9. Nh4 Be6 10. e4 d4
11. Nb5 Qa5+ 12. Nc3 dxc3 13. Bc1 Nf7 14. O-O Nd4 15. Be3 O-O 16. Bxd4 cxd4 17. Bg4 Bxg4 18. Qxg4 Rfe8 19. Nf5 Bf8 20. h4 g6
21. Ng3 Nh6 22. Qe2 Qc7 23. a4 a5 24. f3 Qd7 25. f4 Qg4 26. Qf2 Qxh4 27. fxe5 Ng4
0-1

[Event "Capablancas Open"]
[Site "SchemingMind.com"]
[Date "2006.06.22"]
[Round "-"]
[White "mtrx"]
[Black "iain"]
[Result "1-0"]
[WhiteCountry "PHI"]
[BlackCountry "USA"]
[WhiteElo "1459"]
[WhiteRD "109"]
[BlackElo "1376"]
[BlackRD "56"]
[GameID "56406"]

1. b3 d6 2. Bb2 Nf6 3. e3 g6 4. d4 Bg7 5. Bd3 O-O 6. Nd2 e5 7. Ne2 exd4 8. exd4 Nc6 9. O-O a6 10. Ng3 d5
11. c4 dxc4 12. Nxc4 b5 13. Ne3 Nxd4 14. Bxd4 Qxd4 15. Rc1 c5 16. Qc2 Bb7 17. Be2 Qe5 18. Qxc5 Qb2 19. Rc2 Rac8 20. Qxc8 Rxc8
21. Rxb2 Ne4 22. Rc2 Rxc2 23. Nxc2 Nc5 24. Rd1 h5 25. Nb4 Bc3 26. Rd8+ Kg7 27. Nd3 Nxd3 28. Rxd3 b4 29. Bf3 Bc8 30. Ne2 Bf5
31. Re3 Kf6 32. Nxc3 bxc3 33. Rxc3 Bb1 34. Rc6+ Kf5 35. Rxa6 f6 36. b4 h4 37. a4 Bd3 38. Rd6 Bc4 39. b5 Ke5 40. Rd1 Bb3
41. Ra1 f5 42. a5 g5 43. b6 g4 44. Bc6
1-0